| 000 | 00520nmm a2200157Ia 4500 | ||
|---|---|---|---|
| 008 | 251105s9999||||xx |||||||||||||||||und|| | ||
| 020 | _a9788491920793 | ||
| 041 | _aspa | ||
| 100 | _aSpengler, Oswald | ||
| 245 | 0 |
_aMoctezuma: un drama (1897) : _b Edición y estudio introductorio de Anke Birkenmaier |
|
| 264 |
_a[Madrid, España] : _bIberoamericana Vervuert, _c2020 |
||
| 300 | _a230 páginas | ||
| 650 | _aGermanic literature and language | ||
| 856 | _uhttps://public.digitaliapublishing.com/a/79133 | ||
| 942 | _cCF | ||
| 999 |
_c88771 _d88771 |
||